| 000 | 01052nam a22002057a 4500 | ||
|---|---|---|---|
| 003 | BR-ViAPE | ||
| 005 | 20260515121051.0 | ||
| 008 | 260515s1897 porb gs|||| 000 0 por d | ||
| 040 | _cBR-ViAPE | ||
| 100 | _aCastello, Alvaro | ||
| 245 |
_aL'État d'Espirito-Santo: _bson budget sa dette extérieure - són chemin de fer du sud - situation tendue remédes |
||
| 246 |
_aO Estado do Espírito Santo: _bseu orçamento, sua dívida externa, sua estrada de ferro do sul - situação tensa, remédios |
||
| 260 |
_aParis _bLibrairie e Marquet _c1897 |
||
| 300 |
_a28 p. _bDocumento digitalizado (PDF) |
||
| 500 | _aDocumento digitalizado do acervo institucional do Arquivo Público do Estado do Espírito Santo - APEES. | ||
| 650 |
_aEconomia _xFinanças _xAdministração pública _zEspírito Santo (Brasil) |
||
| 651 | _aEspírito Santo (Brasil) | ||
| 856 |
_uhttps://ape.es.gov.br/Media/ape/PDF/Livros/Livros_Historicos/Obras_raras/seculo_XIX/APEES_OR_l'etat_d'espirito_santo_1897.pdf _yCLIQUE AQUI PARA ACESSAR O DOCUMENTO |
||
| 942 |
_2ddc _cOBRAS_RARA _n1 |
||
| 999 |
_c681 _d681 |
||